00685nam a2200205Ia 4500003000900000008004100009020001800050040001600068080002200084100003000106245009500136260004200231300001500273650004100288650001000329650002000339942000700359999001500366952009800381IN-BaIIA211028s9999 xx 000 0 eng d a90-277-0892-4 cIIA Library a082.2:52bIAU-S82 aMcCarthy, Dennis D911144 0aTime and the earth's rotationcDennis D McCarthy  aDordrechtbD. Reidel Publishingc1979 axix, 332p. aAstronomy and Astrophysics Thesaurus aEarth aRotation911145 cBK c6496d6496 00104070aBANbBANcGENd1980-06-05l0o082.2:52/ IAU-S82p7229r2021-11-05w1980-06-05yBK